LEADER 01370nam a2200289 u 4500 001 000000020910 003 CaOOAMICUS 005 20070226110944.0 008 950310s1914 it af u000 u eng u 035 $a10513104 040 $aBSR$bita 100 1 $aNolan, Louis,$cO.P.,$d1878-1944.$0(OLS)http://pul/name/18096 245 14$aThe basilica of S. Clemente in Rome /$cLouis Nolan. With 61 illustrations. 250 $a2. ed. 260 $aRoma ;$aGrottaferrata :$bSan Clemente :$bTip. italo-orientale "S. Nilo",$c1914. 300 $axxiii, 266 p. [36] l. of pls. :$bill., plans ;$c19 cm 500 $a"Prefactory letter" signed: Horace Marucchi. 504 $aBibliographical footnotes. 610 20$aSan Clemente (Church : Rome, Italy)$xGuidebooks.$2//eng$0(OLS)http://pul/subject/245 650 4$aChiesa$zItalia$zRoma.$0(OLS)http://pul/subject/246 740 0 $aBasilica of San Clemente in Rome. 850 $aPUL 852 $aPUL$W1$xDP1 Fondo Cecchetti$y53$m282 C 31$j29380$nBK-PRI$b $qFondi$B29380$CPULBib$Z2$F29380 $HPUL5258 $81 941 1 $a1 996 $6245$aThe basilica of S. Clemente in Rome$9(OLS)http://pul/title/29365 996 $6740$aBasilica of San Clemente in Rome$9(OLS)http://pul/title/29366 996 $6260$aRoma ;$aGrottaferrata :$bSan Clemente :$bTip. italo-orientale "S. Nilo"$9(OLS)http://pul/publisher/56848 LEADER 01058nam a2200277 u 4500 001 000000037131 003 CaOOAMICUS 005 20070226113730.0 008 980401s1967 it u000 u ita u 035 $a10788722 040 $aBAV$bita 100 1 $aLandolt, Eduard,$d1921-$0(OLS)http://pul/name/27929 245 10$aGelassenheit di Martin Heidegger /$cEduard Landolt. 250 $aNuova ed. 260 $aMilano :$bMarzorati,$c1967. 300 $a320 p. ;$c22 cm 490 1 $aHeideggeriana ;$v1 504 $aComprende indicazioni bibliografiche. 700 1 $aHeidegger, Martin,$d1889-1976.$tGelassenheit.$0(OLS)http://pul/name/27930 830 0$aHeideggeriana ;$v1.$0(OLS)http://pul/title/50606 850 $aPUL 852 $aPUL$W1$xSL Filosofia 1$y2$m90 G 28$j50785$nBK-PRI$b $qStampati$B50785$CPULBib$Z2$F50785 $H $81 941 1 $a8 961 $aINV: 28521 996 $6245$aGelassenheit di Martin Heidegger$9(OLS)http://pul/title/50605 996 $6260$aMilano :$bMarzorati$9(OLS)http://pul/publisher/49236